000 004470000a22001810004500
003 MACL
005 20160122114737.0
008 160122b xxu||||| |||| 00| 0 eng d
040 _aMACL
_cMACL
041 _aEnglish
082 _a530/GUP
100 _aGupta, Dr S L
_933988
245 _aPractical Physics with viva voce
260 _bPragati Prakashan
_c2000
_aMeerut
350 _a180
650 _aPhysics
_933989
942 _cBK
_k530/GUP
_2ddc
999 _c31114
_d31114